000 02044cam a22003614a 4500
001 112666
005 20230410132837.0
008 101104s2011 nyua 001 0deng
035 _a16533096
925 0 _aacquire
_b2 shelf copies
_xpolicy default
942 _2lcc
_cbk
010 _a 2010046921
020 _a9780230110588 (pbk.)
040 _aDLC
_cDLC
_dDLC
042 _apcc
050 1 4 _aB D 412.7
_bT574c 2011
082 0 0 _a920.02
084 _aPOL032000
_aBIO011000
_aBIO010000
_2bisacsh
100 1 _aTill, Brian Michael.
245 1 0 _aConversations with power :
_bwhat great presidents and prime ministers can teach us about leadership /
_cBrian Michael Till.
260 _aNew York, NY :
_bPalgrave Macmillan,
_c2011.
300 _a263 p. :
_bill. ;
_c21 cm.
500 _aIncludes index.
520 _a"Fresh out of college and just beginning his work as a syndicated columnist and a researcher at the New America Foundation, Brian Till set out to interview the former world leaders he most admired. He hardly expected to get his foot in the door--much less to have revelatory, insightful conversations with so many of them. Here, he distills their collective wisdom into key lessons for aspiring leaders of the future, including the best ways to handle opposition, public opinion, and the information revolution. With a stunning list of interviewees including Bill Clinton, Jimmy Carter, Ehud Barak, and Vâaclav Havel, and Nobel Laureates Mikhail Gorbachev, Pervez Musharraf, FW de Klerk, and Martti Ahtisaari, among many others, these conversations provide an illuminating, entertaining, and uplifting reminder of what is possible when great leaders inspire and the public is engaged"--
_cProvided by publisher.
650 0 _aHeads of state
_vBiography.
650 0 _aHeads of state
_vInterviews.
650 0 _aPolitical leadership.
650 4 _aJefes de estado
_vBiografía.
650 4 _aEstadistas
_vBiografía.
650 4 _aJefes de estado
_vEntrevistas.
650 4 _aLíderes políticos.
946 _aYSL
999 _c88793
_d88793